Exención de ganancias para asociaciones civiles, fundaciones y mutuales (Registro nro. 35703)

Detalles MARC
000 -LEADER
fixed length control field 00344 a2200109 4500
001 - CONTROL NUMBER
control field ART_57663
005 - DATE AND TIME OF LATEST TRANSACTION
control field 20260410162050.0
008 - FIXED-LENGTH DATA ELEMENTS--GENERAL INFORMATION
fixed length control field 260409a
100 1# - MAIN ENTRY--PERSONAL NAME
Personal name Tonnelier, Alejandro
245 10 - TITLE STATEMENT
Title Exención de ganancias para asociaciones civiles, fundaciones y mutuales
773 0# - HOST ITEM ENTRY
Title Impuestos
Related parts - N° 139 (ene. 2023)
Record control number REV45175

No hay ítems disponibles.